Name of countries in different languages 2 - Statistics

General Stats
  • This quiz has been taken 64 times
  • The average score is 9 of 15
Answer Stats
Language Country Name Country in English % Correct
Czech Polsko Poland
96%
Turkish Norveç Norway
93%
Dutch Soedan Sudan
93%
Gujarati કઝાખસ્તાન (Kajhākhastāna) Kazakhstan
87%
Portuguese Suíça Switzerland
87%
Polish Fidżi Fiji
81%
Burmese အာဂျင်တီးနား (aargyinteenarr) Argentina
67%
Arabic سلطنة عمان (saltanat eamman) Oman
61%
Japanese スロバキア (Surobakia) Slovakia
61%
Korean 아일랜드 (aillaendeu) Ireland
37%
Bengali মালদ্বীপ (Māladbīpa) Maldives
37%
Belarusian Іарданія (Iardanija) Jordan
35%
Lao ຮັງກາລີ (hang kali) Hungary
11%
Mongolian Хойд Солонгос (Khoid Solongos) North Korea
11%
Thai ประเทศไทย (Pratheṣ̄thịy) Thailand
9%
No matching quizzes found
Score Distribution
Percent of People with Each Score
Percentile by Number Answered
Your Score History
You have not taken this quiz